La geografía escondida en el Sistema Educativo Nacional (Registro nro. 305937)

Detalles MARC
000 -ENCABEZADO
Número de control [NR] 01271 a2200289 4500
005 - FECHA Y HORA DE LA ÚLTIMA TRANSACCIÓN
control field 20170221140316.0
008 - DE LONGITUD FIJA DE DATOS DE ELEMENTOS - INFORMACIÓN GENERAL
Elementos de longitud fija [NR] 170208s2016 ck ao||gr|||| 000 0 spa d
020 ## - NUMERO INTERNACIONAL NORMALIZADO PARA LIBROS [R]
Número Internacional Normalizado del libro [NR] 9789585971103
040 ## - FUENTE DE CATALOGACION [NR]
Agencia de catalogación original [NR] CO-BoUCM
Idioma de catalogación [NR] spa
Quien Cataloga Sandra Palacio
Quien Clasifica Sandra Palacio
041 0# - CODIGO DE IDIOMA [R]
Código de idioma para texto/pista de sonido o título separado [R] Español
111 2# - ASIENTO PRINCIPAL--NOMBRE DE REUNION [NR]
Nombre de reunión o de jurisdicción como elemento de entrada [NR] Expogeográfica
Lugar de la reunión [NR] Bogotá
Fecha de la reunión [NR] 2014
Información miscelánea [NR] Educación Geográfica
Número de la parte/sección de una obra [R] 1
9 (RLIN) 83958
245 13 - MENCION DE TITULO [NR]
Título [NR] La geografía escondida en el Sistema Educativo Nacional
Mención de responsabilidad, etc. [NR] Raquel Pulgarín Silva, Eufrasio Bernal Duffo, compiladores
260 ## - PUBLICACION, DISTRIBUCION, ETC. (PIE DE IMPRENTA) [R]
Nombre del editor, distribuidor, etc. [R] Sociedad Geográfica de Colombia
Fecha de publicación, distribución, etc. [R] 2016
Lugar de publicación, distribución, etc. [R] Bogotá (Colombia)
300 ## - DESCRIPCION FISICA [R]
Extensión [R] 187 páginas
Otros detalles físicos [NR] ilustraciones, fotografías
490 0# - MENCION DE SERIE [R]
Mención de serie [R] Exposiciones geográficas
Designación numérica/secuencial del volumen [NR] 10
504 ## - NOTA DE BIBLIOGRAFIA, ETC. [R]
Nota de bibliografía, etc. [NR] Incluye referencias bibliográficas
650 17 - ASIENTO SECUNDARIO DE MATERIA - TERMINO TEMATICO [R]
9 (RLIN) 13779
Término temático o nombre geográfico como elemento de entrada [NR] Educación
Subdivisión general [R] Geografía
Subdivisión geográfica [R] Colombia
650 27 - ASIENTO SECUNDARIO DE MATERIA - TERMINO TEMATICO [R]
9 (RLIN) 16335
Término temático o nombre geográfico como elemento de entrada [NR] Geografía
Subdivisión general [R] Enseñanza
Subdivisión geográfica [R] Colombia
650 27 - ASIENTO SECUNDARIO DE MATERIA - TERMINO TEMATICO [R]
9 (RLIN) 16335
Término temático o nombre geográfico como elemento de entrada [NR] Geografía
Subdivisión general [R] Aspectos sociales
Subdivisión geográfica [R] Colombia
653 ## - TERMINO DE INDIZACION - NO CONTROLADO [R]
Término de indización no controlado [R] Educación geográfica
690 ## - ASUNTO AGREGADO LOCAL DE ENTRADA - TÉRMINO TEMÁTICO (OCLC, RLIN)
Acceso temático local Teoría de la educación
9 (RLIN) 25273
700 1# - ASIENTO SECUNDARIO - NOMBRE PERSONAL [R]
Nombre personal [NR] Pulgarín Silva, Raquel
Término de relación [R] compilador
9 (RLIN) 83959
700 1# - ASIENTO SECUNDARIO - NOMBRE PERSONAL [R]
Nombre personal [NR] Bernal Duffo, Eufrasio
Término de relación [R] compilador
9 (RLIN) 83961
710 2# - ASIENTO SECUNDARIO - NOMBRE CORPORATIVO [R]
Nombre corporativo o de jurisdicción como elemento de entrada [NR] Sociedad Geográfica de Colombia
Unidad subordinada [R] Academia de Ciencias Geográficas
9 (RLIN) 83962
942 ## - ELEMENTOS DE ENTRADA AGREGADOS (KOHA)
Tipo de ítem principal el descrito en 300a Libro
Sistema de clasificación DEWEY
Tema principal Educación
Edición 1
Clasificación 370.19
Parte restante de la signatura top. G345sg
Existencias
Fecha de último préstamo Total préstamos Signatura topográfica Código de barras Última vez visto Ejemplar Costo de reposición Price effective from Tipo de ítem Perdido Sistema de clasificación Dañado No prestable Tipo de ítem específico Suprimido Ubicación habitual Ubicación actual Localización Fecha de creación Proveedor Forma de adquisición Costo
19/04/2017 1 370.19 G345sg 100152314 05/12/2025 Ej.1 26000.00 07/02/2017 Libro   DEWEY     Libro   Claustro Claustro 2do piso 07/02/2017 12 Donación 0.00